000 00285nam a22001337a 4500
008 170822b xxu||||| |||| 00| 0 eng d
020 _a9780486665214
041 _aeng
080 _a51
100 _a38
101 _aMAT
245 _aINFORMATION THEORY
_cASH.R.B
942 _2udc
_cBK
999 _c24572
_d24572